Dibujo técnico y de ingeniería
Saved in:
| Main Authors: | , , , |
|---|---|
| Format: | Bog |
| Sprog: | spansk |
| Udgivet: |
Ciudad de México
Continental
1971
|
| Serier: | Serie de compendios científicos. El tutor del estudiante
|
| Fag: | |
| Tags: |
Tilføj Tag
Ingen Tags, Vær først til at tagge denne postø!
|
MARC
| LEADER | 00000nam a2200000 a 4500 | ||
|---|---|---|---|
| 001 | UCV4722 | ||
| 003 | CL-VaPUC | ||
| 008 | 910725e19710000MX |||||||||||||||||spa|d | ||
| 082 | 0 | 4 | |a 604.2 |b LOM |2 21 |
| 100 | |a Lombardo, Josef Vincent |e autor |9 298920 | ||
| 700 | 0 | |a Johnson, Lewis O |e author |9 298921 | |
| 700 | 0 | |a Short, W. Irwin |e author |9 298922 | |
| 700 | 0 | |a Lombardo, Albert J |e author |9 298923 | |
| 245 | 1 | 0 | |a Dibujo técnico y de ingeniería |
| 300 | |a 479 p | ||
| 942 | |c BK | ||
| 945 | |d 19910725 00:00:00 | ||
| 260 | |a Ciudad de México |b Continental |c 1971 | ||
| 650 | 7 | |a DIBUJO TECNICO |2 CL-VaPUC |9 298924 | |
| 650 | 7 | |a INGENIERIA DIBUJOS |2 CL-VaPUC |9 260182 | |
| 583 | |a last modification |c 19910725 00:00:00 |k Rodrigo Vera | ||
| 490 | 0 | |a Serie de compendios científicos. El tutor del estudiante | |
| 999 | |c 211422 |d 211420 | ||